STAGED DIABETES MANAGEMENT : ASYSTEMATIC APPROACH (Record no. 1760)
[ view plain ]
| 000 -LEADER | |
|---|---|
| fixed length control field | 00370nam a2200145Ia 4500 |
| 008 - FIXED-LENGTH DATA ELEMENTS--GENERAL INFORMATION | |
| fixed length control field | 150201s2005 xx 000 0 und d |
| 082 ## - DEWEY DECIMAL CLASSIFICATION NUMBER | |
| Classification number | 616.462 |
| Item number | S05M |
| 100 ## - MAIN ENTRY--PERSONAL NAME | |
| Personal name | MAZZE, ROGER S. |
| 245 ## - TITLE STATEMENT | |
| Title | STAGED DIABETES MANAGEMENT : ASYSTEMATIC APPROACH |
| 250 ## - EDITION STATEMENT | |
| Edition statement | 2ND |
| 260 ## - PUBLICATION, DISTRIBUTION, ETC. (IMPRINT) | |
| Name of publisher, distributor, etc. | JOHN WILEY |
| Place of publication, distribution, etc. | ENGLAND |
| Date of publication, distribution, etc. | 2005 |
| 300 ## - PHYSICAL DESCRIPTION | |
| Extent | 1-441 |
| 650 ## - SUBJECT ADDED ENTRY--TOPICAL TERM | |
| Topical term or geographic name as entry element | DIABETES |
| 942 ## - ADDED ENTRY ELEMENTS (KOHA) | |
| Source of classification or shelving scheme | Dewey Decimal Classification |
| Koha item type | Books |
| Koha issues (borrowed), all copies | 1 |
| Withdrawn status | Lost status | Source of classification or shelving scheme | Damaged status | Not for loan | Collection code | Home library | Current library | Shelving location | Date acquired | Source of acquisition | SGTU | Total Checkouts | Full call number | Barcode | Date last seen | Date last checked out | Bill Date | Koha item type |
|---|---|---|---|---|---|---|---|---|---|---|---|---|---|---|---|---|---|---|
| Dewey Decimal Classification | MEDICAL | SGT Medical Library | SGT Medical Library | Reference Book | 24/03/2014 | COMP. | SGTU | 2 | 616.462 S05M | FM6003 | 19/06/2024 | 19/06/2024 | 24/03/2014 | Books |